000 00252nam a22001217a 4500
008 171124b xxu||||| |||| 00| 0 eng d
041 _aeng
080 _a612.39
100 _a10
101 _aNUT
245 _aNUTRITION
_cWENCK, D.A
942 _2udc
_cBK
999 _c38480
_d38480